| 000 | 00000nam 2200000za 4500 |
| 001 | 9.845603 |
| 003 | CaOODSP |
| 005 | 20221107153015 |
| 007 | cr ||||||||||| |
| 008 | 171017s1974 onc oab f000 0 fre d |
| 040 | |aCaOODSP|bfre |
| 041 | |aeng|afre |
| 043 | |an-cn--- |
| 086 | 1 |aCS11-506/1971-2-PDF |
| 245 | 00|a1971 Census catalogue |h[ressource électronique] : |bpopulation, housing, agriculture, employment / |cStatistics Canada, Census Field = Publications du Recensement de 1971 : population, logement, agriculture, emploi / Statistique Canada, Secteur du recensement. |
| 246 | 31|aPublications du Recensement de 1971 : |bpopulation, logement, agriculture, emploi |
| 250 | |aDernière éd. |
| 260 | |a[Ottawa] : |bStatistics Canada = Statistique Canada, |c1974. |
| 300 | |a70 p. |
| 500 | |a« Mars 1974. » |
| 500 | |aÉdition numérisée de l'imprimé [par Statistique Canada]. |
| 504 | |aComprend des références bibliographiques. |
| 520 | |a« Les résultats définitifs du onzième recensement décennal du Canada sont publiés sous diverses formes, dont on trouvera une brève description ci-après. Ce catalogue donne une liste des derniers résultats qui seront publiés sous forme de bulletins »--p. [5]. |
| 530 | |aÉgalement publ. en version imprimée. |
| 546 | |aTexte en anglais et en français. |
| 692 | 07|2gccst|aRecensement |
| 692 | 07|2gccst|aDonnées du recensement |
| 692 | 07|2gccst|aBibliographie |
| 692 | 07|2gccst|aCatalogue |
| 710 | 1 |aCanada.|bStatistique Canada.|bSecteur du recensement. |
| 791 | |t1971 Census catalogue |eeng|w(CaOODSP)9.845602 |
| 795 | |t1971 Census catalogue |w(CaOODSP)9.845601 |
| 856 | 40|qPDF|s5.41 Mo|uhttps://publications.gc.ca/collections/collection_2017/statcan/11-506/CS11-506-1971-2.pdf |
| 986 | |a11-506 |